[Event "RUS-ch blitz"]
[Site "Sochi"]
[Date "2019.10.17"]
[Round "3"]
[White "Oganian, Miran"]
[Black "Magomedov, Murad"]
[Result "1-0"]
[WhiteElo "2436"]
[BlackElo "2280"]
[PlyCount "87"]
[EventDate "2019.10.17"]
[EventType "swiss (blitz)"]
[EventRounds "15"]
[EventCountry "RUS"]
[SourceTitle "CBM 192 Extra"]
[Source "Chessbase"]
[SourceDate "2019.11.06"]
[SourceVersion "1"]
[SourceVersionDate "2019.11.06"]
[SourceQuality "1"]

1. d4 d5 2. c4 dxc4 3. Nf3 Nf6 4. Qa4+ Nbd7 5. g3 e6 6. Bg2 c5 7. 0-0 cxd4 8. Nxd4 Bc5 9. Nf3 0-0 10. Qxc4 a6 11. Qc2 Qe7 12. Nc3 e5 13. Bg5 e4 14. Nd5 Qd6 15. Nxf6+ Nxf6 16. Nh4 e3 17. fxe3 Ng4 18. Qc3 Qb6 19. Rf3 h6 20. Bf4 Re8 21. h3 Nxe3 22. Bxe3 Rxe3 23. Rxe3 Bxe3+ 24. Kh2 Be6 25. Nf3 Rc8 26. Qe5 Qc5 27. Rd1 Qxe5 28. Nxe5 b5 29. b3 Bb6 30. Nc6 Rc7 31. Nd8 Rd7 32. Rxd7 Bxd7 33. Nc6 Kf8 34. Nb8 Bc8 35. Nc6 Bc7 36. Nb4 Bd6 37. Nd5 Be6 38. Bf3 Ke8 39. Kg2 Kd8 40. g4 a5 41. Kf2 a4 42. Ke3 axb3 43. axb3 g6 44. Kd4 1-0

[Event "Sochi ChessAmateur op"]
[Site "Sochi"]
[Date "2018.04.06"]
[Round "8"]
[White "Lopatik, Nikita"]
[Black "Magomedov, Murad"]
[Result "1/2-1/2"]
[WhiteElo "1989"]
[BlackElo "2280"]
[PlyCount "132"]
[EventDate "2018.04.01"]
[EventType "swiss"]
[EventRounds "9"]
[EventCountry "RUS"]
[SourceTitle "CBM 184 Extra"]
[Source "ChessBase"]
[SourceDate "2018.06.28"]
[SourceVersion "1"]
[SourceVersionDate "2018.06.28"]
[SourceQuality "1"]

1. e4 c6 2. d4 d5 3. e5 Bf5 4. Nd2 e6 5. Ngf3 c5 6. c3 Nc6 7. Be2 a6 8. 0-0 h6 9. Re1 Rc8 10. Nf1 cxd4 11. Nxd4 Nxd4 12. Qxd4 Bc5 13. Qa4+ Rc6 14. Be3 Bxe3 15. Nxe3 Ne7 16. Nxf5 exf5 17. Rad1 Qb6 18. c4 Qxb2 19. cxd5 b5 20. Qa5 Qc3 21. Qxc3 Rxc3 22. e6 fxe6 23. Bh5+ g6 24. Rxe6 gxh5 25. d6 Kf7 26. Rxe7+ Kf6 27. Ra7 Rc6 28. Rc7 Rb6 29. Kf1 Rd8 30. d7 Ke6 31. Ra7 Rc6 32. Ke2 Rc2+ 33. Kf3 Rxa2 34. Rc7 Ra3+ 35. Ke2 Ke7 36. Rd5 Ke6 37. Rd2 b4 38. Rc6+ Ke7 39. Rxh6 b3 40. Rxh5 Ke6 41. h4 a5 42. Rh6+ Ke7 43. Rh7+ Ke6 44. f3 Ra2 45. Rh6+ Ke5 46. Rhd6 b2 47. Rb6 Rxd7 48. Rdxb2 Rxb2+ 49. Rxb2 a4 50. Ra2 Ra7 51. g3 a3 52. Kd3 Rg7 53. Rxa3 Rxg3 54. Ke2 Rg2+ 55. Ke3 f4+ 56. Kd3 Rh2 57. Ra5+ Kf6 58. Ra6+ Kf5 59. Ra5+ Kg6 60. Rg5+ Kf6 61. Rh5 Kg6 62. Rg5+ Kf6 63. Ke4 Rxh4 64. Rf5+ Ke6 65. Rf8 Ke7 66. Rg8 Kf6 1/2-1/2

[Event "Sochi ChessAmateur op"]
[Site "Sochi"]
[Date "2018.04.05"]
[Round "7"]
[White "Gubernatorov, Sergey"]
[Black "Magomedov, Murad"]
[Result "1/2-1/2"]
[WhiteElo "2200"]
[BlackElo "2280"]
[PlyCount "27"]
[EventDate "2018.04.01"]
[EventType "swiss"]
[EventRounds "9"]
[EventCountry "RUS"]
[SourceTitle "CBM 184 Extra"]
[Source "ChessBase"]
[SourceDate "2018.06.28"]
[SourceVersion "1"]
[SourceVersionDate "2018.06.28"]
[SourceQuality "1"]

1. Nf3 d5 2. g3 Nf6 3. Bg2 Bg4 4. 0-0 Nbd7 5. d4 Bxf3 6. Bxf3 e5 7. dxe5 Nxe5 8. Bg2 c6 9. Qd4 Bd6 10. Nc3 0-0 11. e4 dxe4 12. Nxe4 Nxe4 13. Bxe4 Re8 14. Qd1 1/2-1/2

[Event "RUS-ch blitz"]
[Site "Sochi"]
[Date "2017.10.02"]
[Round "7"]
[White "Korchmar, Vasiliy"]
[Black "Magomedov, Murad"]
[Result "1-0"]
[WhiteElo "2399"]
[BlackElo "2280"]
[PlyCount "69"]
[EventDate "2017.10.02"]
[EventType "swiss (blitz)"]
[EventRounds "20"]
[EventCountry "RUS"]
[SourceTitle "EXT 2018"]
[Source "ChessBase"]
[SourceDate "2017.10.13"]
[SourceVersion "1"]
[SourceVersionDate "2017.10.13"]
[SourceQuality "1"]

1. d4 d5 2. Nf3 Nf6 3. Bf4 e6 4. e3 c5 5. c3 Bd6 6. Nbd2 0-0 7. Bd3 Bxf4 8. exf4 b6 9. Qe2 a5 10. a4 Ba6 11. Bb5 c4 12. Bxa6 Nxa6 13. 0-0 Rb8 14. Ne5 Qc7 15. b3 b5 16. axb5 Rxb5 17. bxc4 dxc4 18. Ndxc4 Nd5 19. Na3 Nxc3 20. Qd3 Rb6 21. Nac4 Rb3 22. Nxa5 Nb4 23. Qd2 Ne4 24. Qe2 Nc3 25. Qd2 Ne4 26. Qe2 Nc3 27. Qf3 Rb2 28. Nac4 Rc2 29. Ne3 Rd2 30. N3c4 Rc2 31. Ne3 Rd2 32. f5 Ne2+ 33. Kh1 Nxd4 34. Qf4 exf5 35. Nxf5 1-0

[Event "Kislovodsk Elo op"]
[Site "Kislovodsk"]
[Date "2012.01.19"]
[Round "5"]
[White "Nikishin, Sergey Grigoryevich"]
[Black "Magomedov, Murad"]
[Result "1-0"]
[WhiteElo "2054"]
[BlackElo "2286"]
[PlyCount "99"]
[EventDate "2012.01.15"]
[EventType "swiss"]
[EventRounds "9"]
[EventCountry "RUS"]
[SourceTitle "EXT 2014"]
[Source "ChessBase"]
[SourceDate "2013.11.20"]
[SourceVersion "1"]
[SourceVersionDate "2013.11.20"]
[SourceQuality "1"]

1. b4 e5 2. Bb2 f6 3. e4 d5 4. exd5 Qxd5 5. Nc3 Qf7 6. a3 c6 7. d4 exd4 8. Qxd4 Be6 9. Nf3 Nh6 10. Qe4 Be7 11. Nd4 Bd7 12. Rd1 Qg6 13. Qxg6+ hxg6 14. Bc4 Ng4 15. Be6 Rh5 16. 0-0 Re5 17. Bxd7+ Nxd7 18. h3 Nh6 19. f4 Rh5 20. Ne6 Kf7 21. Rfe1 Nb6 22. Nxg7 Rh4 23. g3 Rxh3 24. Kg2 Rh5 25. Nxh5 gxh5 26. Ne4 Rg8 27. Nd6+ Bxd6 28. Rxd6 Rxg3+ 29. Kxg3 Nf5+ 30. Kh3 Nxd6 31. Kh4 Ndc4 32. Bc1 Nd5 33. Kxh5 Nd6 34. Kg4 Nc3 35. Kf3 Nf5 36. Bb2 Nd5 37. Rh1 Kg7 38. c4 Nb6 39. Rc1 Kf7 40. Ke4 Ke6 41. Bd4 Nc8 42. Kd3 b6 43. Rh1 a5 44. Rh8 Nfe7 45. bxa5 bxa5 46. Bc3 a4 47. Rf8 f5 48. Bb4 Nd6 49. Kd4 Ng6 50. Bxd6 1-0

[Event "Kislovodsk Elo op"]
[Site "Kislovodsk"]
[Date "2012.01.18"]
[Round "4"]
[White "Magomedov, Murad"]
[Black "Stepanov, Arseny"]
[Result "1-0"]
[WhiteElo "2286"]
[BlackElo "1916"]
[PlyCount "113"]
[EventDate "2012.01.15"]
[EventType "swiss"]
[EventRounds "9"]
[EventCountry "RUS"]
[SourceTitle "EXT 2014"]
[Source "ChessBase"]
[SourceDate "2013.11.20"]
[SourceVersion "1"]
[SourceVersionDate "2013.11.20"]
[SourceQuality "1"]

1. e4 c5 2. Nc3 Nc6 3. g3 g6 4. Bg2 Bg7 5. Nge2 Nf6 6. d3 d6 7. 0-0 0-0 8. h3 e5 9. Be3 Be6 10. Qd2 Nd7 11. Bh6 Nd4 12. Bxg7 Kxg7 13. Kh2 Nxe2 14. Nxe2 Rb8 15. f4 f5 16. fxe5 Nxe5 17. Nf4 Bg8 18. exf5 Rxf5 19. Be4 Rf6 20. Qg2 Qd7 21. Nd5 Bxd5 22. Bxd5 Rbf8 23. Rxf6 Rxf6 24. Rf1 Rxf1 25. Qxf1 Nc6 26. c3 Qf5 27. Qxf5 gxf5 28. Bxc6 bxc6 29. Kg2 Kf6 30. Kf3 Ke5 31. Ke3 d5 32. Kf3 h6 33. b3 d4 34. c4 h5 35. a3 a5 36. a4 Ke6 37. Kf4 Kf6 38. h4 Ke6 39. Kg5 Ke5 40. Kxh5 f4 41. gxf4+ Kf5 42. Kh6 Kxf4 43. Kg6 Ke3 44. h5 Kxd3 45. h6 Kc2 46. h7 d3 47. h8Q d2 48. Qh2 Kc1 49. Qf4 Kc2 50. Qf5+ Kc1 51. Qxc5 d1Q 52. Qxa5 Qxb3 53. Qa6 c5 54. Kf5 Qd3+ 55. Kf6 Qd4+ 56. Ke7 Kd1 57. Qd6 1-0

[Event "Kislovodsk Elo op"]
[Site "Kislovodsk"]
[Date "2012.01.16"]
[Round "2"]
[White "Dzhavathanov, Magomed"]
[Black "Magomedov, Murad"]
[Result "0-1"]
[WhiteElo "1800"]
[BlackElo "2286"]
[PlyCount "122"]
[EventDate "2012.01.15"]
[EventType "swiss"]
[EventRounds "9"]
[EventCountry "RUS"]
[SourceTitle "EXT 2014"]
[Source "ChessBase"]
[SourceDate "2013.11.20"]
[SourceVersion "1"]
[SourceVersionDate "2013.11.20"]
[SourceQuality "1"]

1. e4 Nf6 2. e5 Nd5 3. Bc4 Nb6 4. Bb3 d5 5. d4 Bf5 6. a4 a5 7. f4 e6 8. Nd2 c5 9. Ngf3 Nc6 10. c3 cxd4 11. Nxd4 Nxd4 12. cxd4 Qh4+ 13. g3 Qh3 14. Qe2 Bb4 15. Qb5+ Nd7 16. Kf2 Ke7 17. Qf1 Qh5 18. Bd1 Qg6 19. Qe2 Rac8 20. g4 Bc2 21. Rg1 Bxd1 22. Rxd1 Rc2 23. h4 h5 24. Rg1 hxg4 25. Rxg4 Qf5 26. Kg3 Rhc8 27. Rg5 Qh7 28. Rh5 Qg8 29. Qd1 g6 30. Rg5 Qh7 31. Nf3 Nb6 32. Ne1 Bxe1+ 33. Qxe1 Nxa4 34. Qxa5 Rxc1 35. Qb4+ Ke8 36. Qxa4+ Kf8 37. Rxc1 Rxc1 38. Qa3+ Kg7 39. Qe3 Rh1 40. Rg4 Qh5 41. Qf2 Qf5 42. Qe2 Qb1 43. Kf3 Re1 44. Qd2 Qe4+ 45. Kf2 Rh1 46. Rg2 Rxh4 47. Kg3 Rh5 48. Rh2 Rf5 49. Re2 Qh1 50. Rh2 Qg1+ 51. Rg2 Qf1 52. Rf2 Qb1 53. Rh2 Qa2 54. Qc3 Qc4 55. Qxc4 dxc4 56. Rc2 b5 57. b3 cxb3 58. Rb2 g5 59. fxg5 Rxg5+ 60. Kf4 Rh5 61. Rxb3 Rh4+ 0-1

[Event "Poltavskaya"]
[Site "Poltavskaya"]
[Date "2010.??.??"]
[Round "11"]
[White "Magomedov, Murad"]
[Black "Baranov, Evgeni"]
[Result "1/2-1/2"]
[WhiteElo "2350"]
[BlackElo "2335"]
[PlyCount "35"]
[EventDate "2010.??.??"]
[EventType "tourn"]
[EventRounds "11"]
[EventCountry "RUS"]
[EventCategory "1"]
[SourceTitle "EXT 2012"]
[Source "ChessBase"]
[SourceDate "2011.11.24"]
[SourceVersion "1"]
[SourceVersionDate "2011.11.24"]
[SourceQuality "1"]

1. d4 d5 2. c4 c6 3. Nc3 f5 4. Nf3 e6 5. g3 Nf6 6. Bg2 Bd6 7. 0-0 0-0 8. Bf4 Bxf4 9. gxf4 Ne4 10. Ne5 Nd7 11. Nxe4 fxe4 12. e3 Nxe5 13. fxe5 Bd7 14. Rc1 Be8 15. f4 exf3 16. Rxf3 Bg6 17. Rxf8+ Qxf8 18. Qd2 1/2-1/2

[Event "Poltavskaya"]
[Site "Poltavskaya"]
[Date "2010.??.??"]
[Round "3"]
[White "Magomedov, Murad"]
[Black "Oganian, Miran"]
[Result "1/2-1/2"]
[WhiteElo "2350"]
[BlackElo "2080"]
[PlyCount "74"]
[EventDate "2010.??.??"]
[EventType "tourn"]
[EventRounds "11"]
[EventCountry "RUS"]
[EventCategory "1"]
[SourceTitle "EXT 2012"]
[Source "ChessBase"]
[SourceDate "2011.11.24"]
[SourceVersion "1"]
[SourceVersionDate "2011.11.24"]
[SourceQuality "1"]

1. d4 d5 2. c4 dxc4 3. Nf3 Nf6 4. e3 e6 5. Bxc4 c5 6. 0-0 a6 7. a4 Nc6 8. Qe2 cxd4 9. Rd1 Be7 10. exd4 Nb4 11. Nc3 0-0 12. Ne5 Qa5 13. Ne4 Nxe4 14. Qxe4 Nd5 15. Bd3 Nf6 16. Qh4 g6 17. Bh6 Re8 18. Rac1 Nd5 19. Qg4 f5 20. Qg3 Bd6 21. h4 Nf6 22. Qg5 Bxe5 23. dxe5 Ng4 24. Bb5 axb5 25. h5 bxa4 26. f4 Qb6+ 27. Kh1 Nf2+ 28. Kh2 Ng4+ 29. Kh1 Nf2+ 30. Kh2 Ne4 31. Qh4 Qf2 32. Qd8 Qg3+ 33. Kh1 Bd7 34. Qxd7 gxh5 35. Rc7 Qh4+ 36. Kg1 Qf2+ 37. Kh1 Qh4+ 1/2-1/2

[Event "Anapa op"]
[Site "Anapa"]
[Date "2009.09.06"]
[Round "7"]
[White "Meshkov, Yuri A"]
[Black "Magomedov, Murad"]
[Result "1/2-1/2"]
[WhiteElo "2379"]
[BlackElo "2319"]
[PlyCount "124"]
[EventDate "2009.08.31"]
[EventType "swiss"]
[EventRounds "9"]
[EventCountry "RUS"]
[SourceTitle "CBM 132 Extra"]
[Source "ChessBase"]
[SourceDate "2009.11.03"]
[SourceVersion "1"]
[SourceVersionDate "2009.11.03"]
[SourceQuality "1"]

1. d4 Nf6 2. Nf3 g6 3. Bg5 Bg7 4. c3 d5 5. Nbd2 0-0 6. e3 c5 7. dxc5 Qc7 8. b4 b6 9. Bf4 Qb7 10. cxb6 Qxb6 11. Rc1 a5 12. b5 Nbd7 13. c4 Bb7 14. Be2 dxc4 15. Nxc4 Qxb5 16. 0-0 Qd5 17. Qc2 Rfc8 18. Rfd1 Qe4 19. Qb3 Bd5 20. Rd4 Qe6 21. Qd1 Rc5 22. Ng5 Qc6 23. e4 Nxe4 24. Nxe4 Bxd4 25. Nxc5 Bxc5 26. Ne3 Be4 27. a4 Nf6 28. Bb5 Qb6 29. Qb3 Kg7 30. Qb2 Rd8 31. Nc4 Qa7 32. Be5 Ba8 33. Qe2 Qb7 34. Qg4 Qd5 35. Bxf6+ exf6 36. Rf1 Bb4 37. Nb6 Qe4 38. Qxe4 Bxe4 39. Nd7 Rc8 40. f3 Bf5 41. g4 Be6 42. Kg2 Rc2+ 43. Rf2 Rxf2+ 44. Kxf2 f5 45. h3 fxg4 46. hxg4 h5 47. gxh5 gxh5 48. Kg3 Be1+ 49. Kg2 Kg6 50. Nc5 Bd5 51. Nd3 Bd2 52. Kg3 Bg5 53. Bd7 Be6 54. Bxe6 fxe6 55. Ne5+ Kf6 56. Nc4 Kf5 57. Nxa5 e5 58. Nc4 Bf4+ 59. Kf2 e4 60. Ne3+ Ke5 61. a5 Kd4 62. Nc2+ Kc5 1/2-1/2

[Event "Anapa op"]
[Site "Anapa"]
[Date "2009.09.03"]
[Round "4"]
[White "Magomedov, Murad"]
[Black "Matsenko, Elena"]
[Result "1-0"]
[WhiteElo "2319"]
[BlackElo "2049"]
[PlyCount "65"]
[EventDate "2009.08.31"]
[EventType "swiss"]
[EventRounds "9"]
[EventCountry "RUS"]
[SourceTitle "CBM 132 Extra"]
[Source "ChessBase"]
[SourceDate "2009.11.03"]
[SourceVersion "1"]
[SourceVersionDate "2009.11.03"]
[SourceQuality "1"]

1. d4 d5 2. c4 c6 3. Nc3 Nf6 4. cxd5 cxd5 5. Bf4 Nc6 6. e3 Bf5 7. Nf3 e6 8. Ne5 Nxe5 9. Bxe5 a6 10. Bxf6 gxf6 11. Rc1 Bd6 12. h4 h5 13. Bd3 Bxd3 14. Qxd3 Rc8 15. g3 b5 16. 0-0 f5 17. Ne2 Rxc1 18. Rxc1 Rg8 19. a4 Qb8 20. axb5 axb5 21. Nf4 Bxf4 22. exf4 Ke7 23. Kf1 Qb6 24. b4 Kf6 25. Rc5 Rb8 26. Qe2 Kg6 27. Qa2 Qb7 28. Kg2 Rc8 29. Qe2 Rb8 30. Qe5 Rc8 31. Qd6 Rxc5 32. bxc5 b4 33. Qb6 1-0

[Event "Anapa op"]
[Site "Anapa"]
[Date "2009.09.02"]
[Round "3"]
[White "Moiseev, Anatoly V"]
[Black "Magomedov, Murad"]
[Result "0-1"]
[WhiteElo "2004"]
[BlackElo "2319"]
[PlyCount "52"]
[EventDate "2009.08.31"]
[EventType "swiss"]
[EventRounds "9"]
[EventCountry "RUS"]
[SourceTitle "CBM 132 Extra"]
[Source "ChessBase"]
[SourceDate "2009.11.03"]
[SourceVersion "1"]
[SourceVersionDate "2009.11.03"]
[SourceQuality "1"]

1. d4 e5 2. dxe5 Nc6 3. Bf4 Qe7 4. Nc3 Nxe5 5. Nd5 Qd6 6. Qd4 f6 7. 0-0-0 Ne7 8. e4 N7g6 9. Bg3 h5 10. Qc3 c6 11. Nb6 axb6 12. Rxd6 Bxd6 13. Kb1 h4 14. Bxe5 Nxe5 15. Be2 b5 16. Nh3 Ra4 17. Rd1 Bb4 18. Qb3 d6 19. f4 Nf7 20. c4 Bc5 21. cxb5 Rxe4 22. Qc2 Re3 23. Rd3 Re7 24. a3 Bf5 25. bxc6 0-0 26. b4 Rfe8 0-1

[Event "Armavir Kovcheg Rating"]
[Site "Armavir"]
[Date "2008.11.20"]
[Round "8"]
[White "Fomichenko, Svetlana"]
[Black "Magomedov, Murad"]
[Result "1/2-1/2"]
[WhiteElo "2288"]
[BlackElo "2308"]
[PlyCount "50"]
[EventDate "2008.11.14"]
[EventType "tourn"]
[EventRounds "9"]
[EventCountry "RUS"]
[EventCategory "4"]
[SourceTitle "EXT 2022"]
[Source "ChessBase"]
[SourceDate "2021.10.06"]
[SourceVersion "1"]
[SourceVersionDate "2021.10.06"]
[SourceQuality "1"]

1. e4 c6 2. d4 d5 3. e5 Bf5 4. Nf3 e6 5. Bd3 Bxd3 6. Qxd3 Qa5+ 7. c3 Qa6 8. Qxa6 Nxa6 9. Be3 c5 10. Nbd2 cxd4 11. Nxd4 Nc5 12. Ke2 a6 13. N2b3 Nxb3 14. Nxb3 Ne7 15. f4 Rc8 16. Bc5 Nf5 17. Bxf8 Rxf8 18. g4 Ne7 19. Nd4 Nc6 20. Rac1 Nxd4+ 21. cxd4 Kd7 22. Kd2 Rxc1 23. Rxc1 Rc8 24. Rxc8 Kxc8 25. Kc3 Kc7 1/2-1/2

[Event "Armavir Kovcheg Rating"]
[Site "Armavir"]
[Date "2008.11.19"]
[Round "7"]
[White "Fomichenko, Eduard"]
[Black "Magomedov, Murad"]
[Result "1/2-1/2"]
[WhiteElo "2516"]
[BlackElo "2308"]
[PlyCount "83"]
[EventDate "2008.11.14"]
[EventType "tourn"]
[EventRounds "9"]
[EventCountry "RUS"]
[EventCategory "4"]
[SourceTitle "EXT 2022"]
[Source "ChessBase"]
[SourceDate "2021.10.06"]
[SourceVersion "1"]
[SourceVersionDate "2021.10.06"]
[SourceQuality "1"]

1. e4 e5 2. Nf3 Nf6 3. Nxe5 d6 4. Nf3 Nxe4 5. d4 d5 6. Bd3 Nc6 7. 0-0 Be7 8. c4 Nb4 9. Be2 0-0 10. Nc3 Be6 11. Be3 Bf5 12. Rc1 dxc4 13. Bxc4 Nxc3 14. bxc3 Nd5 15. Bd3 Bg4 16. c4 Nxe3 17. fxe3 Bg5 18. Qd2 Bxf3 19. Rxf3 Qe7 20. Re1 Rad8 21. Qf2 c6 22. Rf1 f5 23. Re1 g6 24. e4 fxe4 25. Bxe4 Rxf3 26. Bxf3 Qf7 27. d5 Re8 28. Rxe8+ Qxe8 29. Kf1 Qe3 30. Qxe3 Bxe3 31. dxc6 bxc6 32. Bxc6 Kf7 33. Ke2 Bg1 34. h3 Ke6 35. Kd3 Ke5 36. a4 a5 37. Bd5 Kf4 38. Bg8 h6 39. Bf7 g5 40. Bd5 h5 41. Bf7 h4 42. Bd5 1/2-1/2

[Event "Krasnodar Region-ch op"]
[Site "Krasnodar"]
[Date "2008.10.??"]
[Round "6"]
[White "Magomedov, Murad"]
[Black "Gochelashvili, David"]
[Result "1/2-1/2"]
[WhiteElo "2308"]
[BlackElo "2452"]
[PlyCount "96"]
[EventDate "2008.10.18"]
[EventType "swiss"]
[EventRounds "9"]
[EventCountry "RUS"]
[SourceTitle "EXT 2022"]
[Source "ChessBase"]
[SourceDate "2021.10.06"]
[SourceVersion "1"]
[SourceVersionDate "2021.10.06"]
[SourceQuality "1"]

1. d4 Nf6 2. c4 g6 3. Nc3 Bg7 4. e4 d6 5. Nf3 0-0 6. Be2 e5 7. dxe5 dxe5 8. Qxd8 Rxd8 9. Bg5 Nbd7 10. 0-0-0 Rf8 11. Nd2 Nc5 12. Be3 Ne6 13. f3 Re8 14. b4 Bf8 15. c5 a5 16. a3 axb4 17. axb4 Nd4 18. Bc4 b6 19. Nb3 bxc5 20. bxc5 Ba6 21. Nxd4 Bxc4 22. Ndb5 Reb8 23. Nxc7 Ra3 24. Kc2 Bb3+ 25. Kb2 Ra7 26. N7b5 Bc4 27. c6 Re7 28. Kc2 Rxb5 29. Nxb5 Bxb5 30. Rd8 Rc7 31. Bh6 Rxc6+ 32. Kb2 Nd7 33. Rd1 g5 34. Bxg5 Rb6 35. Ka1 Kg7 36. R8xd7 Rg6 37. Bc1 Bxd7 38. Rxd7 Rxg2 39. Bb2 Kg6 40. Bxe5 Rf2 41. f4 f6 42. f5+ Kg5 43. Bg3 Re2 44. Rf7 Bb4 45. Rg7+ Kh6 46. Rg4 Bd2 47. Kb1 Bg5 48. h4 Kh5 1/2-1/2

[Event "Anapa"]
[Site "Anapa"]
[Date "2008.09.03"]
[Round "6"]
[White "Kononenko, Alexander"]
[Black "Magomedov, Murad"]
[Result "1/2-1/2"]
[WhiteElo "2324"]
[BlackElo "2328"]
[PlyCount "88"]
[EventDate "2008.08.31"]
[EventType "tourn"]
[EventRounds "15"]
[EventCountry "RUS"]
[EventCategory "3"]
[SourceTitle "CBM 126 Extra"]
[Source "ChessBase"]
[SourceDate "2008.11.05"]
[SourceVersion "1"]
[SourceVersionDate "2008.11.05"]
[SourceQuality "1"]

1. d4 Nf6 2. c4 g6 3. g3 Bg7 4. Bg2 0-0 5. Nc3 d6 6. Nf3 Nbd7 7. 0-0 e5 8. h3 c6 9. e4 Qb6 10. dxe5 Nxe5 11. Nxe5 dxe5 12. b3 Rd8 13. Qc2 Be6 14. Be3 Qc7 15. Rfd1 Nd7 16. Na4 Nf8 17. Rxd8 Qxd8 18. Rd1 Qc7 19. Qd2 Bf6 20. Qd6 Qxd6 21. Rxd6 Be7 22. Rd1 b6 23. f4 Rd8 24. Rxd8 Bxd8 25. Nb2 Bc7 26. Nd3 Nd7 27. Nb4 Nb8 28. Kf2 h5 29. h4 a5 30. Nd3 Nd7 31. fxe5 c5 32. Bf4 Kf8 33. Bf3 Ke8 34. Be2 Nb8 35. g4 hxg4 36. Kg3 Nc6 37. Bxg4 Kd7 38. Bd1 a4 39. Kf2 axb3 40. axb3 Nd4 41. Ke3 Nc6 42. Kd2 Bh3 43. Ke3 Be6 44. Kf2 Bb8 1/2-1/2